Rozhodování ve věcech studia a studentů Vzory rozhodnutí, oznámení a jiních písemností

Enregistré dans:
Détails bibliographiques
Auteur principal: Kudela, Ivan
Format: Livre
Langue:tchèque
Publié: Praha Ústav státní správy 1989
Édition:1. vyd.
Tags: Ajouter un tag
Pas de tags, Soyez le premier à ajouter un tag!

MARC

LEADER 00000nam a2200000 4500
001 c035443
005 20250219084601.4
041 0 |a cze 
044 |a CZ 
245 1 0 |a Rozhodování ve věcech studia a studentů  |b Vzory rozhodnutí, oznámení a jiních písemností  |c Ivan Kudela 
250 |a 1. vyd. 
264 1 |a Praha  |b Ústav státní správy  |c 1989 
300 |a 150 s. 
100 1 |a Kudela, Ivan